Autour des volcans d'Auvergne - Statistiques

Statistiques générales
  • Ce quiz a été pris 100 fois
  • Le résultat moyen est 12 sur 25
Statistiques - réponses
Question Réponse % Correct
Le plus haut des volcans d'Auvergne est le Puy de Sancy
81%
Quel puy n'existe pas dans la chaîne des puys ? Le puy de... Rome
75%
Comment se nomme la pierre, issue du volcanisme qui a servi à édifier de nombreux monuments en Auvergne ? pierre de Volvic
72%
Le puy de Dôme est près de Clermont-Ferrand mais est-il... à l'ouest
69%
Quel scientifique fait mener des expériences sur le puy de Dôme en 1648 ? Blaise Pascal
66%
Qu'est ce qu'un maar ? un cratère rempli d'eau
66%
Quelle station thermale d'Auvergne n'est pas située à proximité des volcans ? Vichy
66%
Le lac Pavin a une profondeur de 92 mètres
56%
Depuis 2012, on ne peut plus monter au sommet du puy de Dôme qu'à pied et en train
56%
Quel lac n'est pas d'origine volcanique ? Le lac des Fades
56%
Quelle est la particularité, unique en France du lac Pavin ? ses eaux profondes ne remontent jamais
56%
Qui a contribué à la création du parc Vulcania ? Valéry Giscard d'Estaing
53%
La chaîne des puys a été inscrite au Patrimoine mondial de l'UNESCO en 2018
50%
Que ne peut-on pas apercevoir du sommet du puy de Dôme même par temps clair ? les Pyrénées
50%
Le Massif central dans lequel se trouvent les volcans d'Auvergne représentent une part importante du territoire français... Combien environ ? un sixième
50%
Le volcan qui aurait été le dernier actif se trouve près de Besse-en-Chandesse
47%
Les Gallo-Romains ont installé au sommet du puy de Dôme un temple dédié à Mercure
47%
Pour terminer une double question. Des hommes ont-ils pu voir les volcans d'Auvergne en éruption ? Des éruptions pourraient-elles avoir lieu en Auvergne ? Oui et Oui
44%
La dernière activité volcanique remonte aux environs de - 5000 avant J.C
41%
Quel puy ne fait pas partie des Monts du Cantal ? le puy des Gouttes
41%
La station thermale de La Bourboule est dominée par la banne d'Ordanche
25%
Les coureurs du Tour de France ont grimpé le puy de Dôme... 14 fois
16%
Le mot "pavin" signifie effroyable
16%
Que sont l'aiguille du moine, la crête de coq et la dent de la rancune en Auvergne ? des dykes
13%
Le massif du Cézallier est le reste d'un volcan né d'une éruption de type Hawaïenne
6%
Aucun quiz correspondant
Distribution des résultats
% des personnes avec chaque résultat
Percentile par nombre de réponses
Votre historique - résultats
Vous n’avez pas pris ce quiz